Which city in Canada? - Statistics

General Stats
  • This quiz has been taken 15 times
  • The average score is 18 of 25
Answer Stats
Clue Letter City % Correct
4) Largest city in Quebec M Montreal
100%
21) Historic French capital of Quebec datingback to 1608 Q Quebec City
100%
1) Largest city in Canada,home to the CN Tower T Toronto
100%
7) Largest city in British Columbia V Vancouver
100%
5) Home to the NHL Flames and the 1988 WinterOlympics C Calgary
93%
9) Capital of Nova Scotia H Halifax
93%
22) Capital of Canada O Ottawa
93%
2) Home to the Jets of the National Hockey League W Winnipeg
93%
11) Biggest city in Saskatchewan S Saskatoon
86%
8) Directly across the border fromDetroit, Michigan W Windsor
86%
13) This remote capital city sits on the shore of Great Slave Lake Y Yellowknife
86%
6) This city on Lake Superior is only 35 min from the US border T Thunder Bay
79%
20) Historic capital of New Brunswick knownfor its 18th century British Army base F Fredericton
71%
17) Largest city in Newfoundland and Labrador S St Johns
71%
18) Remote capital of the Yukon territory W Whitehorse
71%
10) Historic maritime capital ofCanadas smallest province C Charlottetown
64%
3) Remote capital of Nunavut I Iqaluit
64%
23) The largest city in Northern Ontario S Sudbury
64%
15) This city is nestled in the CanadianRockies of southern Alberta L Lethbridge
57%
12) Alberta city named for a Blackfoot native healer M Medicine Hat
57%
14) This Manitoba city sits on the southernshore of Hudson Bay C Churchill
50%
25) The Alberta Sports Hall of Fame is located in this city R Red Deer
43%
16) This small town became known for welcomingstranded passengers during 9/11 when a flight was diverted G Gander
29%
19) Madawaska, Maine lies directly across the St John river from this Canadian city E Edmundston
21%
24) Remote city in the NW Territories, its nativename translates to "place of man" I Inuvik
21%
No matching quizzes found
Score Distribution
Percent of People with Each Score
Percentile by Number Answered
Your Score History
You have not taken this quiz